• 首页
  • 本馆介绍
  • 公告通知
  • 最新文献
  • 馆藏检索
  • 电子资源
  • 读者导购
  • 参考咨询
  • 我的图书馆
  • 登录
  • 详细信息显示
  • 放入我的书架
  • 预约/预借图书
  • 作者相关作品
  • 分类相关作品
  • 丛书相关作品
  • 出版社相关作品

书目信息

  • 表格格式
  • 工作单格式
  • 卡片格式
题名:
生物表面活性剂及其应用
    
 
作者: 张天胜 编著
分册:  
出版信息: 北京   化学工业出版社  2005
页数: 383页
开本: 21cm
丛书名:
单 册:
中图分类: TQ423
科图分类:
主题词: 生物活性剂--表面活性剂 , 生物活性剂 , 表面活性剂
电子资源:
ISBN: 7-5025-6519-1
000 00867nam0 2200265 450
001 002854285
005 20080303094626.84
010    @a7-5025-6519-1@dCNY30.00
035    @a002854285
100    @a20050331d2005 em y0chiy0110 ea
101 0  @achi
102    @aCN@b110000
105    @ay z 000yy
106    @ar
200 1  @a生物表面活性剂及其应用@Asheng wu biao mian huo xing ji ji qi ying yong@f张天胜等编著
210    @a北京@c化学工业出版社@d2005
215    @a383页@d21cm
330    @a本书系统介绍了生物表面活性剂的特性、分类、活性机理和各类生物表明活性剂的合成技术、制备方法,还详细阐述了生物表明活性技术在石油开采、运输、化妆品等领域的应用。
606 0  @a生物活性剂@x表面活性剂
606 0  @a生物活性剂
606 0  @a表面活性剂
690    @aTQ423@v4
701  0 @a张天胜@Azhang tian sheng@4编著
801  0 @aCN@bNLC@c20080303
905    @dTQ423@e22@f4
    
    生物表面活性剂及其应用/张天胜等编著.-北京:化学工业出版社,2005
    383页;21cm
    
    
    ISBN 7-5025-6519-1:CNY30.00
    本书系统介绍了生物表面活性剂的特性、分类、活性机理和各类生物表明活性剂的合成技术、制备方法,还详细阐述了生物表明活性技术在石油开采、运输、化妆品等领域的应用。
●
相关链接 在E读中查询图书 在五车中查询图书 在当当中查询图书 在豆瓣中查询图书


正题名:生物表面活性剂及其应用     索取号:TQ423/22         预约/预借

序号 登录号 条形码 馆藏地/架位号 状态 备注
1 0614862   206148621   第二样本阅览室/ [索取号:TQ423/22] 在馆    
2 0614863   206148630   第三借阅区/ [索取号:TQ423/22] 在馆    
3 0614864   206148649   第三借阅区/ [索取号:TQ423/22] 在馆    
4 0614865   206148658   第三借阅区/ [索取号:TQ423/22] 在馆    
唐山师范学院图书馆 欢迎您!
大连网信软件有限公司© 版权所有